000 00509cam a2200193ua 4500
020 _cRs 5.00
041 _amal
_h
082 _a354.02
_bRAM/NA
100 _aRamakrishnan, Malayattoor.
245 _aNammude sikshaniyaman /
_cMalayattoor Ramakrishnan.
_hTextual Documents
250 _a1 /
_b.
260 _aKottayam :
_bSahitya Pravarthaka Co-operative Society ,
_c1958.
300 _a349 ; .
365 _aRs 5.00
504 _a
942 _cBK
999 _c320
_d320